Statistics for Maryland A-Z

Click here to take the quiz!

General Stats

  • This quiz has been taken 24 times
  • The average score is 17 of 24

Answer Stats

HintAnswer% Correct
EFirst name of author Allan PoeEdgar
100%
AState capitalAnnapolis
95%
VBordering stateVirginia
95%
PWon 8 gold medals in 2008Phelps
91%
CLarge ocean bayChesapeake
91%
RBaltimore's NFL teamRavens
91%
LOfficial team sport of MarylandLacrosse
91%
UOriginal name of Penn Station
in Baltimore
{Union} Station
82%
SSong written by KThe Star
Spangled Banner
82%
KPoet Francis ScottKey
82%
TEscaped slave who made
13 missions back to Maryland,
freeing 70 slaves
Tubman
77%
HJohn Waters musical about the
pleasantly plump Tracy Turnblad
Hairspray
77%
YOriole Park at Camden _____Yards
73%
MFirst black Supreme Court justiceMarshall
68%
GMessage sent from DC to Baltimore:
"What Hath ___ Wrought"
God
64%
ICal Ripken's nicknameIron Man
64%
BBabe Ruth's nicknameBambino
59%
FSite defended during War of 1812Fort McHenry
55%
OState nickname{Old} {Line} State
50%
QMaryland county on DQueen Anne's
45%
DPeninsula shared by Virginia
and Delaware
Delmarva
41%
JFirst governor of Maryland:
Thomas _______
Johnson
36%
WMost famous TV show set in MDThe Wire
32%
NMajor river on DNanticoke
9%

Score Distribution

Percentile by Number Answered

Percent of People with Each Score

Your Score History

You have not taken this quiz